[Event "AUTO-MASTER-881"]
[Site "http://www.queenalice.com/game.php?id=638433"]
[Date "2009.8.18"]
[Round "1"]
[White "julianeferreira"]
[Black "Lopesq"]
[Result "0-1"]
[WhiteElo "1961"]
[BlackElo "1889"]

1. e4 c5 2. Nf3 Nc6 3. Bc4 e6 4. c3 a6 5. d4 cxd4 6. cxd4 Bb4+ 7. Nc3 b5 8. Bb3
h6 9. a3 Bxc3+ 10. bxc3 Nf6 11. e5 Nd5 12. Bxd5 exd5 13. Qb3 Ne7 14. h3 Bb7 15.
a4 Rb8 16. axb5 Bc6 17. O-O Bxb5 18. Re1 Bc4 19. Qa3 O-O 20. g4 Nc6 21. Qd6 Rb6
22. Ba3 Re8 23. Bc5 Rb7 24. Nd2 Re6 25. Qf8+ Qxf8 26. Bxf8 Kxf8 0-1

[Event "AUTO-MASTER-881"]
[Site "http://www.queenalice.com/game.php?id=638444"]
[Date "2009.8.18"]
[Round "1"]
[White "julianeferreira"]
[Black "r_maltz"]
[Result "1-0"]
[WhiteElo "1850"]
[BlackElo "2045"]

1. e4 Nf6 2. e5 Nd5 3. Bc4 Nb6 4. Bb3 c5 5. c3 Nc6 6. d4 e6 7. Nf3 h6 8. Be3
cxd4 9. cxd4 d6 10. Nbd2 dxe5 11. dxe5 Bb4 12. O-O O-O 13. Qe2 Qc7 14. Rac1 Nd7
15. Nc4 b5 16. Ncd2 Bb7 17. Qxb5 a6 18. Qxb4 Nxb4 19. Rxc7 Bxf3 20. Nxf3 Rfd8
21. Rd1 Nf8 22. Rxd8 Rxd8 23. h3 Nd3 24. Ra7 Ng6 25. Rxa6 Ngxe5 26. Nxe5 Nxe5
27. Bf4 Nd3 28. Bc7 Rc8 29. Ba5 Rc1+ 30. Kh2 Nxf2 31. Bb6 e5 32. Bxf2 Rb1 33.
Ra8+ 1-0

[Event "AUTO-MASTER-881"]
[Site "http://www.queenalice.com/game.php?id=638445"]
[Date "2009.8.18"]
[Round "1"]
[White "r_maltz"]
[Black "julianeferreira"]
[Result "1-0"]
[WhiteElo "2046"]
[BlackElo "1844"]

1. d4 Nf6 2. c4 d5 3. e3 c6 4. Nc3 e6 5. Nf3 Be7 6. Bd3 Nbd7 7. O-O O-O 8. Re1
h6 9. Qc2 b6 10. e4 dxe4 11. Nxe4 Bb7 12. b3 c5 13. Bb2 Qc7 14. Rad1 Bc6 15. d5
exd5 16. cxd5 Nxd5 17. Ng3 N7f6 18. Ne5 Bb7 19. Nf5 Bd6 20. Bc4 Nb4 21. Qd2 Bxe5
22. Bxe5 Qc6 23. Ne7+ 1-0

[Event "chess world-2"]
[Site "http://www.queenalice.com/game.php?id=638451"]
[Date "2009.8.18"]
[Round "1"]
[White "julianeferreira"]
[Black "thewhitebishop"]
[Result "0-1"]
[WhiteElo "1864"]
[BlackElo "1980"]

1. e4 Nf6 2. e5 Nd5 3. c4 Nb6 4. Nc3 d6 5. f4 dxe5 6. fxe5 c5 7. Nf3 Bg4 8. Be2
Nc6 9. O-O Bxf3 10. Bxf3 Qd4+ 11. Kh1 Nxc4 12. Nb5 Qd8 13. d3 N4xe5 14. Be4 a6
15. Nc3 e6 16. Qh5 g6 17. Qh3 f5 18. Bf3 Nxd3 19. Be3 Qf6 20. Bxc6+ bxc6 21. Ne4
Qxb2 22. Bg5 Qe2 23. Nf6+ Kf7 24. Qg3 Be7 25. Qc7 Rac8 26. Qb7 Qb2 27. Qd7 Rhd8
28. Qa7 Qb8 29. Qxa6 Bxf6 30. Bxf6 Kxf6 31. Rfd1 Nf2+ 0-1

[Event "AUTO-ADV-1444"]
[Site "http://www.queenalice.com/game.php?id=638545"]
[Date "2009.8.18"]
[Round "1"]
[White "Lopesq"]
[Black "julianeferreira"]
[Result "1-0"]
[WhiteElo "1926"]
[BlackElo "1942"]

1. Nf3 d5 2. d4 Bg4 3. Nbd2 e6 4. c3 Bd6 5. e3 Nf6 6. h3 Bh5 7. Be2 Nbd7 8. Ng5
Bxe2 9. Qxe2 h6 10. Ngf3 O-O 11. O-O a6 12. b3 c5 13. c4 cxd4 14. exd4 dxc4 15.
Nxc4 Nb6 16. Nxd6 Qxd6 17. Rd1 Nbd5 18. Ne5 Nc3 19. Qd2 Nxd1 20. Qxd1 Rfd8 21.
Be3 1-0

[Event "AUTO-ADV-1444"]
[Site "http://www.queenalice.com/game.php?id=638546"]
[Date "2009.8.18"]
[Round "1"]
[White "julianeferreira"]
[Black "Lopesq"]
[Result "0-1"]
[WhiteElo "1925"]
[BlackElo "1943"]

1. e4 c5 2. Be2 Nc6 3. Nf3 e5 4. d3 d6 5. Nc3 Qa5 6. Bd2 Qd8 7. h3 Nf6 8. Bg5
Be7 9. Qd2 Nb4 10. a3 Nc6 11. Bxf6 Bxf6 12. Nd5 O-O 13. O-O Nd4 14. c3 Nb3 15.
Qc2 Nxa1 16. Rxa1 Be6 17. Ne3 Qc8 18. Nh2 Bg5 19. Neg4 b5 20. Rf1 h5 21. Ne3 g6
0-1

[Event "AUTO-ADV-1444"]
[Site "http://www.queenalice.com/game.php?id=638560"]
[Date "2009.8.18"]
[Round "1"]
[White "marinachess"]
[Black "julianeferreira"]
[Result "1/2-1/2"]
[WhiteElo "1980"]
[BlackElo "1975"]

1. e4 c5 2. Nf3 d6 3. d4 cxd4 4. Nxd4 Nf6 5. Nc3 a6 6. a4 Nc6 7. Be2 g6 8. O-O
Bg7 9. Be3 O-O 10. Qd2 Nxd4 11. Bxd4 Be6 12. a5 Rc8 13. Rac1 d5 14. exd5 Nxd5
15. Bxg7 Kxg7 16. Nxd5 Qxd5 17. Qb4 Rc7 18. c4 Qd4 19. Bf3 Rd8 20. Rfe1 Qd6 21.
Qc3+ 1/2-1/2

[Event "AUTO-ADV-1444"]
[Site "http://www.queenalice.com/game.php?id=638561"]
[Date "2009.8.18"]
[Round "1"]
[White "julianeferreira"]
[Black "oentusiasta"]
[Result "1-0"]
[WhiteElo "1836"]
[BlackElo "1792"]

1. e4 e6 2. Nf3 c5 3. d4 cxd4 4. Nxd4 Nf6 5. Nc3 Qb6 6. Be2 Bd6 7. O-O a6 8. Nf3
O-O 9. e5 Bxe5 10. Nxe5 d5 11. Bg5 Nbd7 12. Nxd7 Bxd7 13. Bxf6 g6 14. Qd2 e5 15.
Nxd5 1-0

[Event "AUTO-ADV-1444"]
[Site "http://www.queenalice.com/game.php?id=638562"]
[Date "2009.8.18"]
[Round "1"]
[White "oentusiasta"]
[Black "julianeferreira"]
[Result "0-1"]
[WhiteElo "1767"]
[BlackElo "1949"]

1. e4 e5 2. d4 exd4 3. Qxd4 Nc6 4. Qe3 d6 5. Nc3 Be6 6. Bd2 Be7 7. Nf3 Nf6 8.
Bb5 O-O 9. O-O Nb4 10. Nd4 c5 11. Nxe6 fxe6 12. Ba4 a6 13. e5 dxe5 14. Bb3 Kh8
15. a3 Nc6 16. Bxe6 Nd4 17. Qxe5 Bd6 18. Qg5 Qc7 19. f4 Nxe6 20. Nd5 Nxd5 21.
Qxd5 Nxf4 22. Bxf4 Bxf4 23. c4 Bxh2+ 24. Kh1 Rxf1+ 25. Rxf1 h6 26. Rf7 Rd8 27.
Qf3 Qe5 28. Rf8+ Rxf8 29. Qxf8+ Kh7 30. Qf2 Bg3 31. Qc2+ Kh8 32. Qd1 Qe4 0-1

[Event "AUTO-ADV-1405"]
[Site "http://www.queenalice.com/game.php?id=681224"]
[Date "2009.11.11"]
[Round "2"]
[White "jhenyferferreira"]
[Black "julianeferreira"]
[Result "1-0"]
[WhiteElo "1927"]
[BlackElo "1958"]

1. e4 e6 2. d4 c5 3. c3 cxd4 4. cxd4 Nc6 5. Nf3 Bb4+ 6. Nc3 d6 7. Bd3 Nf6 8. O-O
O-O 9. Bg5 h6 10. Bh4 e5 11. d5 Nd4 12. Nxd4 exd4 13. Ne2 Bc5 14. a3 Bg4 15. h3
Bd7 16. b4 Bb6 17. Bc2 Rc8 18. Rc1 g5 19. Bg3 Qe7 20. Nxd4 Rc4 21. Nf5 Bxf5 22.
exf5 Rd4 23. Qf3 Nxd5 24. Rfd1 Rxd1+ 25. Rxd1 Nf6 26. Bxd6 1-0

[Event "AUTO-ADV-1405"]
[Site "http://www.queenalice.com/game.php?id=681228"]
[Date "2009.11.11"]
[Round "2"]
[White "luciopac"]
[Black "julianeferreira"]
[Result "1-0"]
[WhiteElo "2184"]
[BlackElo "1977"]

1. e4 e5 2. Nf3 d6 3. d4 Bg4 4. dxe5 Bxf3 5. Qxf3 dxe5 6. Bc4 Nf6 7. O-O Bd6 8.
Bg5 Nbd7 9. Rd1 O-O 10. Nc3 h6 11. Bh4 g5 12. Bg3 a6 13. Qf5 b5 14. Qg6+ Kh8 15.
Qxh6+ Nh7 16. Bd5 Rb8 17. h4 Qf6 18. hxg5 Qxg5 19. Qxg5 Nxg5 20. Bc6 Nb6 21. b3
Ne6 22. Rd3 Rg8 23. Bd5 Nc5 24. Rf3 Nxd5 25. exd5 e4 26. Re3 Rg4 27. Bxd6 cxd6
28. b4 Rbg8 29. g3 Nd7 30. Rxe4 Rxe4 31. Nxe4 Rg4 32. f3 Rg6 33. Kf2 f5 34. Rh1+
Kg7 35. Nc3 Ne5 36. a4 bxa4 37. Nxa4 Nc4 38. Rh4 Na3 39. c4 Rf6 40. c5 dxc5 41.
bxc5 Nb5 42. d6 Na7 43. Rb4 1-0

[Event "AUTO-ADV-1405"]
[Site "http://www.queenalice.com/game.php?id=681229"]
[Date "2009.11.11"]
[Round "2"]
[White "julianeferreira"]
[Black "luciopac"]
[Result "0-1"]
[WhiteElo "1985"]
[BlackElo "2178"]

1. d4 d5 2. Nf3 Nf6 3. Bf4 Bf5 4. e3 e6 5. Be2 c6 6. O-O Be7 7. c4 O-O 8. Nc3
Bd6 9. Ne5 dxc4 10. Bxc4 Qc7 11. Re1 Nbd7 12. h3 Nxe5 13. dxe5 Bxe5 14. Bxe5
Qxe5 15. Qf3 Be4 16. Nxe4 Qxe4 17. Qe2 Rfd8 18. Red1 Rd7 19. Rxd7 Nxd7 20. Rd1
Nb6 21. Bb3 Qe5 22. f4 Qc5 23. Kh1 Nd5 24. Rd4 Qc1+ 25. Kh2 Qxe3 26. Qxe3 Nxe3
27. Rd7 Rb8 28. g4 Nd5 29. f5 a5 30. fxe6 fxe6 31. Bd1 Kf8 32. g5 Ne7 33. Bg4
Kf7 34. Bh5+ g6 35. Bg4 b5 36. Kg3 c5 37. Kf4 Rb6 38. Ke5 c4 39. h4 b4 40. Rc7
Rc6 41. Rxc6 Nxc6+ 42. Kd6 Nd4 43. Kc5 c3 0-1

[Event "Chess Champions"]
[Site "http://www.queenalice.com/game.php?id=682376"]
[Date "2009.11.13"]
[Round "2"]
[White "Maxwell"]
[Black "julianeferreira"]
[Result "1-0"]
[WhiteElo "2170"]
[BlackElo "1969"]

1. d4 d5 2. c4 Nf6 3. Nc3 Bf5 4. Nf3 e6 5. Bg5 Be7 6. e3 O-O 7. Bd3 Bg6 8. O-O
h6 9. Bxf6 Bxf6 10. Bxg6 fxg6 11. cxd5 exd5 12. Qb3 Nc6 13. Nxd5 Kh7 14. Nf4 Qd6
15. Rfd1 Rab8 16. Qc2 Be7 17. Ne5 Nxe5 18. dxe5 Qb6 19. Nd5 Qe6 20. Qxc7 Rfe8
21. Nf4 Qf5 22. Rd7 Rec8 23. Qxb8 Rxb8 24. Rxe7 Rf8 25. Rc1 g5 26. Nh3 Rc8 27.
Rf1 Rc2 28. Rxb7 Qxe5 29. Rxa7 Rxb2 30. a4 Ra2 31. a5 Rxa5 32. Rxa5 Qxa5 33. f3
Qc5 34. Re1 Qc3 35. Kf2 Kg6 36. Ng1 Qe5 37. g3 h5 38. Ne2 h4 39. Nd4 hxg3+ 40.
hxg3 Qa5 41. Re2 Qa1 42. Kg2 Qc3 43. g4 Qd3 44. Kf2 Qd1 45. Kg2 Qd3 46. Kf2 Qd1
47. Re1 Qd2+ 48. Ne2 Qd6 49. Ng3 Qd2+ 50. Re2 Qd8 51. e4 Qh8 52. Kg2 Qd8 53. e5
Qe7 54. e6 1-0

[Event "pajabraba69-2"]
[Site "http://www.queenalice.com/game.php?id=773722"]
[Date "2010.5.10"]
[Round "1"]
[White "julianeferreira"]
[Black "centroid"]
[Result "0-1"]
[WhiteElo "1944"]
[BlackElo "2021"]

1. e4 c5 2. Nf3 d6 3. Bc4 Nc6 4. Ng5 e6 5. d3 Qe7 6. O-O g6 7. f4 h6 8. Nf3 Bg7
9. c3 Nf6 10. Re1 O-O 0-1